[Event "Oberliga Nord W 2122"]
[Site "Germany"]
[Date "2022.05.01"]
[Round "9.2"]
[White "Gronde, Ingo"]
[Black "Brinkmann, Fabian"]
[Result "1-0"]
[WhiteElo "2233"]
[BlackElo "2145"]
[PlyCount "103"]
[EventDate "2021.10.10"]
[EventType "team-tourn"]
[EventRounds "9"]
[EventCountry "GER"]
[SourceTitle "EXT 2023"]
[Source "ChessBase"]
[SourceDate "2022.10.05"]
[SourceVersion "1"]
[SourceVersionDate "2022.10.05"]
[SourceQuality "1"]
[WhiteTeam "Hellern"]
[BlackTeam "Werder Bremen III"]
[WhiteTeamCountry "GER"]
[BlackTeamCountry "GER"]

1. e4 c6 2. d4 d5 3. e5 Bf5 4. Nf3 e6 5. Be2 Nd7 6. 0-0 Bg6 7. Nbd2 Nh6 8. Nb3 Nf5 9. a4 Be7 10. a5 a6 11. h3 0-0 12. c4 c5 13. cxd5 exd5 14. dxc5 Nxc5 15. g4 Nh6 16. Nxc5 Bxc5 17. Bxh6 gxh6 18. Qc1 Rc8 19. Qxh6 d4 20. h4 d3 21. Bd1 Qd5 22. h5 Be4 23. Qg5+ Bg6 24. hxg6 fxg6 25. b4 Ba7 26. Rb1 Rxf3 27. Bb3 Rc4 28. Bxc4 Qxc4 29. Rbc1 Qd5 30. Rc8+ Kg7 31. Rc7+ Kg8 32. Rc8+ Kg7 33. Rc7+ Kg8 34. Qh4 h6 35. Rc8+ Kg7 36. Rc7+ Kg8 37. Rc8+ Kg7 38. Qe7+ Qf7 39. Qxf7+ Kxf7 40. Rc7+ Ke6 41. Rxb7 Bd4 42. Kg2 Rf4 43. f3 Be3 44. Rd1 d2 45. b5 axb5 46. Rxb5 Ra4 47. Kf1 h5 48. Ke2 Bf4 49. gxh5 gxh5 50. Rdb1 Bg5 51. Rb6+ Kd5 52. e6 1-0

[Event "Oberliga Nord W 1718"]
[Site "Germany"]
[Date "2017.12.10"]
[Round "4.3"]
[White "Gronde, Ingo"]
[Black "Hedke, Fred"]
[Result "0-1"]
[WhiteElo "2226"]
[BlackElo "2270"]
[PlyCount "82"]
[EventDate "2017.10.08"]
[EventType "team-tourn"]
[EventRounds "9"]
[EventCountry "GER"]
[SourceTitle "EXT 2019"]
[Source "ChessBase"]
[SourceDate "2018.10.10"]
[SourceVersion "1"]
[SourceVersionDate "2018.10.10"]
[SourceQuality "1"]
[WhiteTeam "Hellern"]
[BlackTeam "Delmenhorst"]
[WhiteTeamCountry "GER"]
[BlackTeamCountry "GER"]

1. e4 e5 2. Nf3 d6 3. d4 exd4 4. Nxd4 Nf6 5. Nc3 Be7 6. Be2 0-0 7. Bf4 Nc6 8. Qd2 Nxd4 9. Qxd4 Be6 10. 0-0-0 a6 11. Kb1 b5 12. Bf3 c5 13. Qe3 b4 14. Na4 Qa5 15. b3 Rad8 16. Bxd6 Rxd6 17. Rxd6 Bxd6 18. e5 Be7 19. exf6 Bxf6 20. Qxc5 Qd8 21. Rd1 Qb8 22. Qd6 Qb5 23. Nc5 Bc8 24. Ne4 Be5 25. Qe7 h6 26. c4 bxc3 27. Rd8 Rxd8 28. Qxd8+ Kh7 29. Nxc3 Bxc3 30. Kc2 Qc5 31. Qd5 Bf5+ 32. Kd1 Qxd5+ 33. Bxd5 Kg6 34. f3 Kf6 35. Ke2 a5 36. Ke3 Bb1 37. a3 Be5 38. f4 Bd6 39. a4 Bc5+ 40. Kf3 Bf5 41. h3 Be6 0-1

[Event "Oberliga Nord W 1617"]
[Site "Germany"]
[Date "2017.02.05"]
[Round "5.3"]
[White "Gronde, Ingo"]
[Black "Ten Vergert, Paul"]
[Result "1/2-1/2"]
[WhiteElo "2205"]
[BlackElo "2192"]
[PlyCount "36"]
[EventDate "2016.10.16"]
[EventType "team-tourn"]
[EventRounds "9"]
[EventCountry "GER"]
[SourceTitle "EXT 2018"]
[Source "ChessBase"]
[SourceDate "2017.10.13"]
[SourceVersion "1"]
[SourceVersionDate "2017.10.13"]
[SourceQuality "1"]
[WhiteTeam "Hellern"]
[BlackTeam "Nordhorn Blanke"]
[WhiteTeamCountry "GER"]
[BlackTeamCountry "GER"]

1. e4 c5 2. Nf3 Nc6 3. d3 g6 4. g3 Bg7 5. Bg2 d6 6. 0-0 e5 7. c3 Nge7 8. Be3 0-0 9. Qd2 Be6 10. Na3 Qd7 11. Ng5 b6 12. Nxe6 Qxe6 13. Rfe1 Rad8 14. Qc2 Qd7 15. Qb3 Na5 16. Qb5 d5 17. Rad1 Qxb5 18. Nxb5 Nac6 1/2-1/2

[Event "Oberliga Nord W 1415"]
[Site "Germany"]
[Date "2015.04.12"]
[Round "9.2"]
[White "Gronde, Ingo"]
[Black "Petzold, Golo"]
[Result "1/2-1/2"]
[WhiteElo "2228"]
[BlackElo "2259"]
[PlyCount "55"]
[EventDate "2014.09.22"]
[EventType "team-tourn"]
[EventRounds "9"]
[EventCountry "GER"]
[SourceTitle "EXT 2016"]
[Source "ChessBase"]
[SourceDate "2015.10.08"]
[SourceVersion "1"]
[SourceVersionDate "2015.10.08"]
[SourceQuality "1"]
[WhiteTeam "Hellern"]
[BlackTeam "Goettingen Tempo"]
[WhiteTeamCountry "GER"]
[BlackTeamCountry "GER"]

1. e4 c6 2. Nf3 d5 3. Nc3 Nf6 4. e5 Ne4 5. Ne2 Qb6 6. d4 e6 7. Ng3 c5 8. Bd3 cxd4 9. Nxe4 dxe4 10. Bxe4 Bb4+ 11. Kf1 Nc6 12. h4 Bd7 13. Rh3 f6 14. Rg3 Bf8 15. exf6 gxf6 16. Bxc6 Bxc6 17. Qxd4 e5 18. Qxb6 axb6 19. Be3 b5 20. c3 Kf7 21. a3 Be7 22. Ke2 Ra4 23. Rd1 Ke6 24. h5 Raa8 25. h6 Rhg8 26. Rxg8 Rxg8 27. g3 Bd5 28. Rh1 1/2-1/2

[Event "Oberliga Nord W 1415"]
[Site "Germany"]
[Date "2014.11.09"]
[Round "3.2"]
[White "Lichmann, Peter"]
[Black "Gronde, Ingo"]
[Result "1-0"]
[WhiteElo "2332"]
[BlackElo "2223"]
[PlyCount "77"]
[EventDate "2014.09.22"]
[EventType "team-tourn"]
[EventRounds "9"]
[EventCountry "GER"]
[SourceTitle "EXT 2016"]
[Source "ChessBase"]
[SourceDate "2015.10.08"]
[SourceVersion "1"]
[SourceVersionDate "2015.10.08"]
[SourceQuality "1"]
[WhiteTeam "Werder Bremen II"]
[BlackTeam "Hellern"]
[WhiteTeamCountry "GER"]
[BlackTeamCountry "GER"]

1. e4 e6 2. d3 d5 3. Nd2 c5 4. g3 Nc6 5. Bg2 Nf6 6. Ngf3 Be7 7. 0-0 0-0 8. Re1 b5 9. e5 Nd7 10. Nf1 a5 11. h4 b4 12. h5 a4 13. N1h2 a3 14. bxa3 bxa3 15. Ng4 Nd4 16. c4 Nb6 17. Nxd4 cxd4 18. h6 g6 19. Rb1 Na4 20. Bd2 Nb2 21. Qf3 Rb8 22. cxd5 exd5 23. Nf6+ Bxf6 24. exf6 Ba6 25. Bf1 Rb6 26. Bg5 Rc6 27. Re5 Rc3 28. Rxd5 Qa8 29. Qe4 Bb7 30. Qxd4 Rxd3 31. Bxd3 Bxd5 32. Bf1 Re8 33. Bd2 Qc6 34. Rc1 Qb7 35. Bb4 Ra8 36. Bxa3 Na4 37. Be7 Bf3 38. a3 Qd5 39. Qxa4 1-0

[Event "Oberliga Nord W 1415"]
[Site "Germany"]
[Date "2014.09.22"]
[Round "1.2"]
[White "Hundack, Rolf"]
[Black "Gronde, Ingo"]
[Result "0-1"]
[WhiteElo "2246"]
[BlackElo "2223"]
[PlyCount "76"]
[EventDate "2014.09.22"]
[EventType "team-tourn"]
[EventRounds "9"]
[EventCountry "GER"]
[SourceTitle "EXT 2016"]
[Source "ChessBase"]
[SourceDate "2015.10.08"]
[SourceVersion "1"]
[SourceVersionDate "2015.10.08"]
[SourceQuality "1"]
[WhiteTeam "Bremer SG"]
[BlackTeam "Hellern"]
[WhiteTeamCountry "GER"]
[BlackTeamCountry "GER"]

1. d4 Nf6 2. Nc3 d5 3. Bg5 e6 4. Nf3 Be7 5. e3 0-0 6. Bd3 c5 7. 0-0 Nbd7 8. Ne5 c4 9. Be2 Nxe5 10. dxe5 Nd7 11. Bxe7 Qxe7 12. f4 f6 13. exf6 Nxf6 14. Qd4 Bd7 15. e4 Bc6 16. exd5 exd5 17. Bf3 Rad8 18. a3 Rfe8 19. Rae1 Qxe1 20. Rxe1 Rxe1+ 21. Kf2 Rc1 22. g4 Rxc2+ 23. Kg3 Rd7 24. Qe5 Rf7 25. Nxd5 Bxd5 26. Bxd5 Nxd5 27. Qxd5 c3 28. Qd3 Rxb2 29. Qxc3 Rb6 30. f5 h6 31. Kh4 Kh7 32. Qd3 Rff6 33. Kh5 Rbd6 34. Qe4 Ra6 35. Qe7 Rab6 36. h4 Rb1 37. Qe4 Rb5 38. a4 g6# 0-1

[Event "Oberliga Nord W 1011"]
[Site "Germany"]
[Date "2011.04.10"]
[Round "9.5"]
[White "Reichert, Matthias"]
[Black "Gronde, Ingo"]
[Result "0-1"]
[WhiteElo "2048"]
[BlackElo "2212"]
[PlyCount "102"]
[EventDate "2010.10.10"]
[EventType "team-tourn"]
[EventRounds "9"]
[EventCountry "GER"]
[SourceTitle "EXT 2012"]
[Source "ChessBase"]
[SourceDate "2011.11.24"]
[SourceVersion "1"]
[SourceVersionDate "2011.11.24"]
[SourceQuality "1"]
[WhiteTeam "Schinkel"]
[BlackTeam "Melle III"]
[WhiteTeamCountry "GER"]
[BlackTeamCountry "GER"]

1. d4 Nf6 2. Bf4 g6 3. c3 d6 4. Nf3 Bg7 5. Nbd2 0-0 6. e4 c5 7. Bd3 cxd4 8. cxd4 Nc6 9. Nb3 Nxd4 10. Nbxd4 e5 11. Be3 exd4 12. Bxd4 Re8 13. 0-0 Nxe4 14. Bxe4 Rxe4 15. Bxg7 Kxg7 16. Qd5 Qe7 17. Rad1 Bg4 18. Qxd6 Rc8 19. Qxe7 Rxe7 20. Rd2 Rc5 21. h3 Bxf3 22. gxf3 b6 23. Rfd1 a5 24. Kg2 Re6 25. Rd6 Rc2 26. R1d2 Rxb2 27. Rxe6 Rxd2 28. Rxb6 Rxa2 29. Ra6 a4 30. Kg3 a3 31. f4 Ra1 32. Kg2 h6 33. Kh2 g5 34. fxg5 hxg5 35. Kg2 f6 36. Kh2 Kg6 37. Ra5 a2 38. Kg2 f5 39. Ra6+ Kf7 40. Kh2 Ke7 41. Kg2 Kd7 42. Kf3 Kc7 43. Ra5 Kb6 44. Ra3 Kb5 45. Ra8 Kc4 46. Rc8+ Kb3 47. Rb8+ Kc2 48. Rc8+ Kd1 49. Rd8+ Ke1 50. Re8+ Kf1 51. Ra8 Rb1 0-1

[Event "Oberliga Nord W 1011"]
[Site "Germany"]
[Date "2011.02.27"]
[Round "7.4"]
[White "Gottschlich, Carsten"]
[Black "Gronde, Ingo"]
[Result "1/2-1/2"]
[WhiteElo "2344"]
[BlackElo "2212"]
[PlyCount "164"]
[EventDate "2010.10.10"]
[EventType "team-tourn"]
[EventRounds "9"]
[EventCountry "GER"]
[SourceTitle "EXT 2012"]
[Source "ChessBase"]
[SourceDate "2011.11.24"]
[SourceVersion "1"]
[SourceVersionDate "2011.11.24"]
[SourceQuality "1"]
[WhiteTeam "Goettingen Tempo"]
[BlackTeam "Melle III"]
[WhiteTeamCountry "GER"]
[BlackTeamCountry "GER"]

1. d4 Nf6 2. c4 c5 3. d5 e6 4. Nc3 exd5 5. cxd5 d6 6. e4 g6 7. h3 Bg7 8. Nf3 0-0 9. Bd3 Nh5 10. 0-0 Nd7 11. Be3 a6 12. a4 Re8 13. Qd2 Ne5 14. Be2 Nxf3+ 15. Bxf3 Nf6 16. Bf4 Qc7 17. Rfe1 Nd7 18. Rad1 Rb8 19. Be2 b6 20. Bc4 Ne5 21. Bf1 b5 22. axb5 axb5 23. Nxb5 Qb6 24. b4 c4 25. Bxe5 Bxe5 26. Bxc4 Bd7 27. Na3 Qxb4 28. Qxb4 Rxb4 29. Bd3 Rc8 30. Rb1 Rxb1 31. Nxb1 Kg7 32. Kf1 Rb8 33. Nd2 Bc3 34. Rb1 Rxb1+ 35. Nxb1 Bb4 36. Ke2 f5 37. exf5 gxf5 38. f4 Kf6 39. Nd2 Ba4 40. Nc4 Bc5 41. Ne3 Bd7 42. Kf3 h6 43. Nf1 Ba4 44. Ne3 Bd7 45. Bc2 Bb6 46. Nf1 Be8 47. g4 Bf7 48. Bxf5 Bxd5+ 49. Be4 Bc4 50. Ne3 d5 51. Bc2 Bc5 52. Nf5 Bf8 53. h4 Ba6 54. g5+ hxg5 55. hxg5+ Kf7 56. Ne3 d4 57. Ng4 Bg7 58. Ne5+ Bxe5 59. fxe5 d3 60. Bb3+ Kg6 61. Kf4 d2 62. Bc2+ Kf7 63. Bb3+ Kg6 64. Bc2+ Kf7 65. g6+ Kg7 66. Ke3 d1Q 67. Bxd1 Kxg6 68. Bb3 Kf5 69. Kd4 Bc8 70. Bg8 Bb7 71. Bc4 Bc8 72. Bf1 Kg6 73. Kd5 Kf7 74. Kd6 Ke8 75. Bb5+ Kd8 76. Bc4 Bf5 77. Be6 Bg6 78. Bg4 Bf7 79. Bf3 Bb3 80. Bd5 Bxd5 81. Kxd5 Kd7 82. e6+ Ke7 1/2-1/2

[Event "Oberliga Nord W 1011"]
[Site "Germany"]
[Date "2010.11.14"]
[Round "3.4"]
[White "Juhnke, Karl"]
[Black "Gronde, Ingo"]
[Result "1/2-1/2"]
[WhiteElo "2199"]
[BlackElo "2212"]
[PlyCount "100"]
[EventDate "2010.10.10"]
[EventType "team-tourn"]
[EventRounds "9"]
[EventCountry "GER"]
[SourceTitle "EXT 2012"]
[Source "ChessBase"]
[SourceDate "2011.11.24"]
[SourceVersion "1"]
[SourceVersionDate "2011.11.24"]
[SourceQuality "1"]
[WhiteTeam "Bremer SG"]
[BlackTeam "Melle III"]
[WhiteTeamCountry "GER"]
[BlackTeamCountry "GER"]

1. d4 Nf6 2. c4 c5 3. d5 e6 4. Nc3 exd5 5. cxd5 d6 6. e4 g6 7. Nf3 Bg7 8. Be2 0-0 9. 0-0 Re8 10. Nd2 Nbd7 11. f3 Ne5 12. a4 h5 13. Qc2 Nh7 14. f4 Ng4 15. Nf3 f5 16. Bd3 c4 17. Bxc4 fxe4 18. Nxe4 Bf5 19. Bd3 Rc8 20. Nc3 Qb6+ 21. Kh1 Bxd3 22. Qxd3 Nf2+ 23. Rxf2 Qxf2 24. Bd2 Nf8 25. Ne4 Qb6 26. Bc3 Re7 27. Nfg5 Qa6 28. Qf3 Nd7 29. Ne6 Bxc3 30. bxc3 Qc4 31. Rd1 Qxa4 32. Qd3 Nf8 33. f5 gxf5 34. Nf6+ Kf7 35. Rf1 Nxe6 36. Qxf5 Ng7 37. Qxc8 Qf4 38. Qg8+ Kg6 39. Qh7+ Kg5 40. Qxg7+ Rxg7 41. Rxf4 Rf7 42. Rb4 Kxf6 43. g3 Ke5 44. Kg2 a6 45. Rh4 Rf5 46. Rb4 Kxd5 47. Rxb7 Kc6 48. Ra7 a5 49. h3 Kb6 50. Rd7 Rd5 1/2-1/2

[Event "Oberliga Nord W 1011"]
[Site "Germany"]
[Date "2010.10.24"]
[Round "2.5"]
[White "Usachyi, Vladimir"]
[Black "Gronde, Ingo"]
[Result "1/2-1/2"]
[WhiteElo "2204"]
[BlackElo "2212"]
[PlyCount "58"]
[EventDate "2010.10.10"]
[EventType "team-tourn"]
[EventRounds "9"]
[EventCountry "GER"]
[SourceTitle "EXT 2012"]
[Source "ChessBase"]
[SourceDate "2011.11.24"]
[SourceVersion "1"]
[SourceVersionDate "2011.11.24"]
[SourceQuality "1"]
[WhiteTeam "Hannover PSC"]
[BlackTeam "Melle III"]
[WhiteTeamCountry "GER"]
[BlackTeamCountry "GER"]

1. d4 Nf6 2. c4 c5 3. e3 e6 4. Nc3 d5 5. cxd5 exd5 6. Nf3 Nc6 7. Be2 Bd6 8. Nb5 Be7 9. dxc5 Bxc5 10. Qc2 Ne4 11. 0-0 Be6 12. Rd1 Rc8 13. Nc3 Nxc3 14. Qxc3 Bf8 15. e4 d4 16. Nxd4 Nxd4 17. Rxd4 Qb6 18. Qd3 Bc5 19. Qb5+ Ke7 20. Qxb6 Bxb6 21. Rd1 Rc2 22. Kf1 Bc4 23. Bg5+ f6 24. Rd2 Bxe2+ 25. Kxe2 Rc4 26. Be3 Rxe4 27. Kf3 Bxe3 28. fxe3 Rc4 29. Rad1 Rc7 1/2-1/2

[Event "Oberliga Nord W 0910"]
[Site "Germany"]
[Date "2010.04.11"]
[Round "9.6"]
[White "Cichy, Michael"]
[Black "Gronde, Ingo"]
[Result "0-1"]
[WhiteElo "2068"]
[BlackElo "2223"]
[PlyCount "56"]
[EventDate "2009.10.18"]
[EventType "team-tourn"]
[EventRounds "9"]
[EventCountry "GER"]
[SourceTitle "EXT 2011"]
[Source "ChessBase"]
[SourceDate "2010.11.26"]
[SourceVersion "1"]
[SourceVersionDate "2010.11.26"]
[SourceQuality "1"]
[WhiteTeam "Braunschweig Gliesmarode"]
[BlackTeam "Melle III"]
[WhiteTeamCountry "GER"]
[BlackTeamCountry "GER"]

1. d4 e6 2. Nf3 Nf6 3. c4 c5 4. d5 exd5 5. cxd5 d6 6. Nc3 g6 7. e4 a6 8. a4 Bg4 9. Be2 Bxf3 10. Bxf3 Bg7 11. a5 0-0 12. 0-0 Nbd7 13. Be2 Qe7 14. f3 Nh5 15. g4 Bd4+ 16. Kg2 Ng7 17. Bf4 f5 18. exf5 gxf5 19. Qc2 Ne5 20. Rae1 Rae8 21. Bd3 Nxd3 22. Qxd3 Qxe1 23. Rxe1 Rxe1 24. Bxd6 Rg1+ 25. Kh3 fxg4+ 26. fxg4 Rf6 27. Be7 Rh6+ 28. Bh4 Bf2 0-1

[Event "Oberliga Nord W 0910"]
[Site "Germany"]
[Date "2010.02.07"]
[Round "6.5"]
[White "Steffens, Olaf"]
[Black "Gronde, Ingo"]
[Result "1-0"]
[WhiteElo "2267"]
[BlackElo "2223"]
[PlyCount "115"]
[EventDate "2009.10.18"]
[EventType "team-tourn"]
[EventRounds "9"]
[EventCountry "GER"]
[SourceTitle "EXT 2011"]
[Source "ChessBase"]
[SourceDate "2010.11.26"]
[SourceVersion "1"]
[SourceVersionDate "2010.11.26"]
[SourceQuality "1"]
[WhiteTeam "Werder Bremen II"]
[BlackTeam "Melle III"]
[WhiteTeamCountry "GER"]
[BlackTeamCountry "GER"]

1. d4 Nf6 2. Nc3 d5 3. Bg5 e6 4. Nf3 c5 5. e4 cxd4 6. Qxd4 Nc6 7. Bb5 Be7 8. exd5 exd5 9. Bxf6 Bxf6 10. Qc5 Bxc3+ 11. Qxc3 0-0 12. 0-0-0 Ne7 13. Rhe1 a6 14. Ba4 Be6 15. Nd4 Qd6 16. Qg3 Rad8 17. Bb3 Ng6 18. Qxd6 Rxd6 19. g3 Rfd8 20. Rd3 Bd7 21. h4 Kf8 22. c3 Ne7 23. Re5 f6 24. Re1 Nf5 25. Red1 Ne7 26. Re1 Ng6 27. Rde3 a5 28. a3 b6 29. f4 Re8 30. Rxe8+ Bxe8 31. Re6 Rxe6 32. Nxe6+ Ke7 33. Nxg7 Bc6 34. Nf5+ Kd7 35. Kd2 Nf8 36. Ke3 Bb7 37. Bc2 Bc6 38. Nd4 Bb7 39. Bf5+ Kd6 40. b4 axb4 41. axb4 Ba6 42. g4 Ke7 43. g5 Kf7 44. Nc2 Bb7 45. Kd4 Ng6 46. Bxg6+ hxg6 47. Ne3 fxg5 48. fxg5 Ke6 49. Ng4 Kf5 50. Ne5 b5 51. Nd7 Kg4 52. Ke5 Kxh4 53. Kf6 Kh5 54. Nf8 d4 55. cxd4 Be4 56. Ke5 Bd3 57. Kf4 Bc4 58. Nd7 1-0

[Event "Oberliga Nord W 0910"]
[Site "Germany"]
[Date "2009.11.29"]
[Round "3.6"]
[White "Hampel, Felix"]
[Black "Gronde, Ingo"]
[Result "1-0"]
[WhiteElo "2040"]
[BlackElo "2223"]
[PlyCount "77"]
[EventDate "2009.10.18"]
[EventType "team-tourn"]
[EventRounds "9"]
[EventCountry "GER"]
[SourceTitle "EXT 2011"]
[Source "ChessBase"]
[SourceDate "2010.11.26"]
[SourceVersion "1"]
[SourceVersionDate "2010.11.26"]
[SourceQuality "1"]
[WhiteTeam "Hannover PSC"]
[BlackTeam "Melle III"]
[WhiteTeamCountry "GER"]
[BlackTeamCountry "GER"]

1. d4 Nf6 2. Bg5 c5 3. d5 Qb6 4. Nc3 Qxb2 5. Bd2 Qb6 6. e4 e5 7. f4 d6 8. fxe5 dxe5 9. Nf3 Nbd7 10. Bc4 Be7 11. 0-0 0-0 12. Rb1 Qc7 13. Qe1 a6 14. a4 Ne8 15. Qg3 Bf6 16. Nh4 Bxh4 17. Qxh4 Nd6 18. Be2 c4 19. Rf3 Nc5 20. Rg3 f5 21. Bh6 Rf7 22. Bh5 Re7 23. Bg5 Rd7 24. exf5 Nxf5 25. Qxc4 Qd6 26. Rf3 Nd4 27. Rf2 Rc7 28. Rbf1 b5 29. axb5 axb5 30. Nxb5 Nxb5 31. Qxb5 Ba6 32. Qa5 Bb7 33. Qb4 Qxd5 34. Qg4 Qe4 35. Bf7+ Rxf7 36. Rxf7 Qd4+ 37. Be3 Qxe3+ 38. Kh1 Qh6 39. Qf3 1-0

[Event "Oberliga Nord W 0910"]
[Site "Germany"]
[Date "2009.10.18"]
[Round "1.5"]
[White "Heinemann, Ernst"]
[Black "Gronde, Ingo"]
[Result "0-1"]
[WhiteElo "2222"]
[BlackElo "2223"]
[PlyCount "88"]
[EventDate "2009.10.18"]
[EventType "team-tourn"]
[EventRounds "9"]
[EventCountry "GER"]
[SourceTitle "EXT 2011"]
[Source "ChessBase"]
[SourceDate "2010.11.26"]
[SourceVersion "1"]
[SourceVersionDate "2010.11.26"]
[SourceQuality "1"]
[WhiteTeam "Oldenburg Union"]
[BlackTeam "Melle III"]
[WhiteTeamCountry "GER"]
[BlackTeamCountry "GER"]

1. e4 g6 2. d4 Bg7 3. Nc3 d6 4. Bg5 h6 5. Bh4 Nd7 6. f4 c5 7. Nf3 cxd4 8. Nxd4 Ngf6 9. Nb3 0-0 10. Be2 a6 11. a4 b6 12. 0-0 Bb7 13. Bf3 b5 14. axb5 axb5 15. Rxa8 Qxa8 16. Qe2 b4 17. Ra1 Qb8 18. Nd5 Nxd5 19. exd5 Bxb2 20. Ra2 Bf6 21. Bf2 Nc5 22. Qb5 Nxb3 23. cxb3 Ba8 24. Qa5 Rc8 25. h3 h5 26. Kh2 Bc3 27. Be2 Bb7 28. Qb5 Ba8 29. Qa5 Kg7 30. Bd3 Re8 31. Bb5 Rf8 32. Ba7 Qc8 33. Bd3 Qd7 34. Be3 Bb7 35. Qb6 Bxd5 36. Bd4+ f6 37. Ra7 Qe6 38. Bxc3 bxc3 39. Qd4 Rc8 40. Bc2 Rc5 41. Qd3 f5 42. Qd4+ Kh7 43. b4 Rc4 44. Qb6 Qe2 0-1

[Event "Muensterland Verbandsliga 0607"]
[Site "Germany"]
[Date "2006.12.16"]
[Round "4.1"]
[White "Ottens, Stephan"]
[Black "Gronde, Ingo"]
[Result "0-1"]
[WhiteElo "2242"]
[BlackElo "2213"]
[PlyCount "78"]
[EventDate "2006.09.16"]
[EventType "team"]
[EventRounds "9"]
[EventCountry "GER"]
[SourceTitle "EXT 2008"]
[Source "ChessBase"]
[SourceDate "2007.11.25"]
[SourceVersion "1"]
[SourceVersionDate "2007.11.25"]
[SourceQuality "1"]
[WhiteTeam "Rheine Klein Berlin"]
[BlackTeam "Olfen"]
[WhiteTeamCountry "GER"]
[BlackTeamCountry "GER"]

1. e4 e6 2. d4 d5 3. Nd2 Be7 4. Ngf3 Nf6 5. Bd3 c5 6. dxc5 0-0 7. 0-0 dxe4 8. Nxe4 Nxe4 9. Bxe4 Qxd1 10. Rxd1 Bxc5 11. Bf4 Na6 12. a3 Be7 13. b4 Bf6 14. Rab1 Re8 15. Be5 Bxe5 16. Nxe5 Nc7 17. c4 f6 18. Nd7 f5 19. Bf3 e5 20. c5 e4 21. Be2 Kf7 22. Bc4+ Ke7 23. c6 bxc6 24. Ne5 Be6 25. Nxc6+ Kf8 26. Bxe6 Rxe6 27. Rbc1 Ne8 28. b5 Nf6 29. a4 f4 30. Rd8+ Rxd8 31. Nxd8 Rd6 32. Nc6 Rd7 33. a5 Nd5 34. Kf1 g5 35. Rd1 Ne3+ 36. fxe3 Rxd1+ 37. Ke2 Rd7 38. b6 axb6 39. a6 Rd3 0-1

[Event "Muensterland Verbandsliga 0607"]
[Site "Germany"]
[Date "2006.11.25"]
[Round "3.1"]
[White "Althoff, Franz"]
[Black "Gronde, Ingo"]
[Result "1/2-1/2"]
[WhiteElo "2170"]
[BlackElo "2213"]
[PlyCount "84"]
[EventDate "2006.09.16"]
[EventType "team"]
[EventRounds "9"]
[EventCountry "GER"]
[SourceTitle "EXT 2008"]
[Source "ChessBase"]
[SourceDate "2007.11.25"]
[SourceVersion "1"]
[SourceVersionDate "2007.11.25"]
[SourceQuality "1"]
[WhiteTeam "Westbevern"]
[BlackTeam "Olfen"]
[WhiteTeamCountry "GER"]
[BlackTeamCountry "GER"]

1. Nf3 g6 2. d4 Bg7 3. g3 Nf6 4. Bg2 0-0 5. 0-0 d6 6. Nc3 c6 7. e4 Nbd7 8. Re1 e5 9. Rb1 Re8 10. d5 cxd5 11. Nxd5 Nxd5 12. Qxd5 Nb6 13. Qd3 Be6 14. b3 d5 15. Ng5 dxe4 16. Qxd8 Raxd8 17. Nxe6 Rxe6 18. Bxe4 Nd5 19. Bb2 f5 20. Bxd5 Rxd5 21. Rbd1 Red6 22. Rxd5 Rxd5 23. c4 Rd2 24. Bxe5 Bxe5 25. Rxe5 Rxa2 26. Re8+ Kf7 27. Rb8 b6 28. Rb7+ Kf6 29. Rxh7 Rb2 30. Rxa7 Rxb3 31. Rc7 Ke5 32. Rc6 g5 33. h3 f4 34. g4 Rxh3 35. Rxb6 Rc3 36. Rb5+ Ke4 37. Kg2 f3+ 38. Kg3 Rc1 39. Rxg5 Rg1+ 40. Kh4 Rh1+ 41. Kg3 Rg1+ 42. Kh4 Rh1+ 1/2-1/2

[Event "Muensterland Verbandsliga 0506"]
[Site "Germany"]
[Date "2006.02.18"]
[Round "7.1"]
[White "Haves, Reinhard"]
[Black "Gronde, Ingo"]
[Result "0-1"]
[WhiteElo "2199"]
[BlackElo "2200"]
[PlyCount "110"]
[EventDate "2005.08.27"]
[EventType "team"]
[EventRounds "9"]
[EventCountry "GER"]
[SourceTitle "EXT 2006"]
[Source "ChessBase"]
[SourceDate "2005.11.24"]
[SourceVersion "1"]
[SourceVersionDate "2005.11.24"]
[SourceQuality "1"]
[WhiteTeam "Neuenkirchen"]
[BlackTeam "Olfen"]
[WhiteTeamCountry "GER"]
[BlackTeamCountry "GER"]

1. d4 Nf6 2. c4 c5 3. d5 e6 4. g3 exd5 5. cxd5 d6 6. Bg2 g6 7. Nc3 Bg7 8. Nf3 0-0 9. 0-0 a6 10. a4 Nbd7 11. h3 Re8 12. Nd2 Rb8 13. Nc4 Nb6 14. Na3 Bd7 15. Qb3 Nxa4 16. Nxa4 b5 17. Nc3 b4 18. Qc4 bxc3 19. bxc3 Bb5 20. Nxb5 axb5 21. Qd3 Qe7 22. Ra6 c4 23. Qc2 Qxe2 24. Qxe2 Rxe2 25. Rxd6 Ne8 26. Rc6 Bxc3 27. Bf4 Rd8 28. Rd1 Re1+ 29. Rxe1 Bxe1 30. Kf1 Bb4 31. Rb6 Bd6 32. Rxb5 Bxf4 33. gxf4 Nd6 34. Rb6 Kf8 35. Rc6 Ke7 36. Bf3 Kd7 37. f5 gxf5 38. Ke2 Ra8 39. Ke3 Ra3+ 40. Kf4 f6 41. h4 Rd3 42. h5 h6 43. Rc5 c3 44. Rc6 Ke7 45. Rc7+ Kd8 46. Rc5 Rd4+ 47. Kg3 f4+ 48. Kg2 Rc4 49. Rxc4 Nxc4 50. Bd1 Na3 51. Kf3 c2 52. Bxc2 Nxc2 53. Kxf4 Ke7 54. Kf5 Kf7 55. d6 Nb4 0-1

[Event "Muensterland Verbandsliga 0506"]
[Site "Germany"]
[Date "2005.09.17"]
[Round "2.1"]
[White "Gronde, Ingo"]
[Black "Hoge, Torsten"]
[Result "1-0"]
[WhiteElo "2200"]
[BlackElo "1930"]
[PlyCount "89"]
[EventDate "2005.08.27"]
[EventType "team"]
[EventRounds "9"]
[EventCountry "GER"]
[SourceTitle "EXT 2006"]
[Source "ChessBase"]
[SourceDate "2005.11.24"]
[SourceVersion "1"]
[SourceVersionDate "2005.11.24"]
[SourceQuality "1"]
[WhiteTeam "Olfen"]
[BlackTeam "Gronau"]
[WhiteTeamCountry "GER"]
[BlackTeamCountry "GER"]

1. e4 e6 2. d4 d5 3. Nc3 Bb4 4. Bd2 Nc6 5. Qg4 Nf6 6. Qxg7 Rg8 7. Qh6 Rg6 8. Qe3 Bxc3 9. Bxc3 Nxe4 10. 0-0-0 Nxc3 11. Qxc3 Bd7 12. f4 Qe7 13. Nf3 0-0-0 14. g3 f6 15. Bd3 Rgg8 16. a3 Be8 17. Rde1 Bh5 18. Nh4 Kb8 19. Bb5 Qd6 20. Bxc6 bxc6 21. f5 Bf7 22. Re3 Rge8 23. Rhe1 e5 24. dxe5 fxe5 25. Rxe5 d4 26. Qa5 d3 27. cxd3 Rxe5 28. Qxe5 Qxd3 29. Qc3 Qd5 30. Nf3 Qxf5 31. Nd4 Qg5+ 32. Kb1 Qg6+ 33. Ka1 Bd5 34. Rc1 Kb7 35. Qb4+ Kc8 36. Qc5 Kd7 37. Qxa7 Qf6 38. Qc5 Ra8 39. Nb5 Ra5 40. Qc3 Qh6 41. Nxc7 Rxa3+ 42. bxa3 Kxc7 43. Qe5+ Kb7 44. Rb1+ Ka6 45. Qd4 1-0